Využitie DMTA pre popis medzifázových interakcií polymér/plnivo

Enregistré dans:
Détails bibliographiques
Auteur principal: Stach, Marek (Auteur)
Format: Manuscrit Livre
Langue:slovaque
Publié: Bratislava : STU v Bratislave FCHPT, 2003
Édition:Obháj.: 16.9.2003
Tags: Ajouter un tag
Pas de tags, Soyez le premier à ajouter un tag!

MARC

LEADER 00000ntm a22000003a 4500
001 stu83247
005 20150617225638.2
008 040121s2003----xo------------------slo-d
040 |a STU  |b slo 
041 0 |a slo 
044 |a xo 
080 |a 541.6(043.3) 
100 1 |a Stach, Marek  |4 aut 
245 1 |a Využitie DMTA pre popis medzifázových interakcií polymér/plnivo 
250 |a Obháj.: 16.9.2003 
260 |a Bratislava :  |b STU v Bratislave FCHPT,  |c 2003 
300 |a 96 s. Tab.,grafy,lit 
500 |a SAV-Ústav polymérov 
996 |b 284C030347  |c C*KD527  |l CCI  |s A  |a 24  |w stu83247_0001